| 000 | 00862nas a2200253 4500 | ||
|---|---|---|---|
| 001 | BR0901167 | ||
| 003 | BR-BrBNA | ||
| 005 | 20231205113157.0 | ||
| 007 | ta | ||
| 008 | 230509b bl.|||p| |||| 00| 00por d | ||
| 040 |
_aBR-BrBNA _bpor _cBiblioteca Nacional de Agricultura |
||
| 041 | _a(Pt) | ||
| 072 | _aQ02 | ||
| 100 | 1 | _aTeixeira, L.V. | |
| 100 | 1 | _aFonseca, L.M. | |
| 100 | 1 | _aMenezes, L.D.M. | |
| 245 | 1 | _aAvaliação da qualidade microbiológica do soro de queijo Minas padrão e mozarela produzidos em quatro regiões do estado de Minas Gerais | |
| 650 | _aQUEIJO | ||
| 650 | _aMICROBIOLOGIA DE ALIMENTO | ||
| 650 | _aMINAS GERAIS | ||
| 773 | 0 |
_tArquivo Brasileiro de Medicina Veterinária e Zootecnia (Brazil) _xISSN 0102-0935 _g(Feb 2007), v. 59(1) p. 264-267 _wBR0901167 |
|
| 909 |
_a202311 _bLúcia _c55 _dLúcia Elande |
||
| 942 |
_2AGRIS _n0 _cANA |
||
| 999 |
_c202304 _d202304 |
||